000 00401nam a2200157Ia 4500
008 240126s9999 xx 000 0 und d
022 _a2229-6743
041 _aEnglish
082 _aLIBRARY-MBA
245 0 _aIMT Case Journal (2014 -
260 _bInstitute of Management Technology,Nagpur
_aNagpur
440 _aNULL
650 _aIMT,(2014,-,Management
650 _aManagement
942 _cJN
999 _c276100
_d276100